| 000 | 00703nam a22002057a 4500 | ||
|---|---|---|---|
| 005 | 20220426153212.0 | ||
| 008 | 220426b ||||| |||| 00| 0 eng d | ||
| 040 | _cAloy | ||
| 041 | _aeng | ||
| 082 |
_223 _a790.2 _bSARP |
||
| 100 |
_aUrmi Mala Sarkar _932043 |
||
| 245 |
_aPerforming art in the PALA and SENA periods: _bThe goldern centuries of dance and music as reflected in the contemporary literature (8th-12th century AD |
||
| 260 |
_aNew Delhi _bIndian Council for Cultural Relations _c2005 |
||
| 300 |
_a34p. _bHB _c23x16cm. |
||
| 365 | _2Performing Arts | ||
| 650 |
_aPerforming Arts _932044 |
||
| 650 |
_aDance and Music _932045 |
||
| 700 |
_aSARKAR (Urmi Mala) _932046 |
||
| 942 |
_2ddc _cGF |
||
| 999 |
_c222645 _d222645 |
||